Notre Dame Head Football Coaches by Picture - Statistics

General Stats
  • This quiz has been taken 48 times
  • The average score is 8 of 26
Answer Stats
Picture Hint Answer % Correct
1986-1996 Lou Holtz
93%
2010-2021 Brian Kelly
88%
1918-1930 Knute Rockne
85%
2022-Present Marcus Freeman
76%
1975-1980 Dan Devine
54%
1964-1974 Ara Parseghian
51%
2005-2009 Charlie Weis
44%
2002-2004 Tyrone Willingham
41%
1941-1943 | 1946-1953 Frank Leahy
39%
1981-1985 Gerry Faust
37%
1997-2001 Bob Davie
29%
2001 George O'Leary
22%
1954-1958 Terry Brennan
15%
1959-1962 Joe Kuharich
12%
1934-1940 Elmer Layden
10%
1931-1933 Hunk Anderson
10%
1896-1898 Frank E. Hering
7%
1895 H. G. Hadden
7%
1945 | 1963 Hugh Devore
7%
1902-1903 James Farragher
7%
1913-1917 Jesse Harper
7%
1900-1901 Pat O'Dea
7%
1904 Red Salmon
7%
1909-1910 Frank Longman
5%
1906-1907 Thomas A. Barry
5%
1908 Victor M. Place
5%
No matching quizzes found
Score Distribution
Percent of People with Each Score
Percentile by Number Answered
Your Score History
You have not taken this quiz